| 000 | 00892nam a2200277 u 4500 | ||
|---|---|---|---|
| 001 | 66344 | ||
| 005 | 20180714074051.0 | ||
| 008 | 161013s2015 mx r 000 0 spa d | ||
| 020 | _a9786073129428 | ||
| 041 | _aspa | ||
| 082 | 0 |
_a813 _bFOL |
|
| 100 | 1 |
_aFollett, Ken, _eautor |
|
| 245 | 1 | 0 |
_aLos pilares de la tierra / _cKen Follett, traducción de Rosalía Vázquez. |
| 250 | _aTercera edición | ||
| 264 | 1 |
_aMéxico : _bPenguin Random House Grupo Editorial, _c2015 |
|
| 300 |
_a1403 páginas : _bilustraciones ; _c19 cm. |
||
| 336 |
_atexto _2rdacontent |
||
| 337 |
_asin mediación _2rdamedia |
||
| 338 |
_avolumen _2rdacarrier |
||
| 490 | 0 | _aBiblioteca | |
| 650 | 4 | _aLiteratura medieval | |
| 650 | 4 |
_aLiteratura norteamericana _ySiglo XX |
|
| 650 | 4 | _aNovela norteamericana | |
| 700 | 1 |
_aVázquez, Rosalía, _etraductor |
|
| 740 | 0 | _aThe pillars of the earth | |
| 999 |
_c66344 _d66344 |
||